LEADER 01201nam a2200277 u 4500 001 000000054638 003 CaOOAMICUS 005 20070226115708.0 008 001219s1943 it u000 u ita u 035 $a10864139 040 $aPUL(R)$bita 100 1 $aGiacon, Carlo,$cS.I.,$d1900-1984.$0(OLS)http://pul/name/3618 245 10$aOccam /$cCarlo Giacon. 260 $aBrescia :$bLa Scuola,$c1943. 300 $a146, [1] c. di tav. :$bill., ritr. ;$c16 cm 490 1 $aMaestri del pensiero e dell'educazione.$aProfili 504 $a"Nota bibliografica": p. [141]-144. 600 14$aOckham, William,$dc. 1285-c. 1349$xCritica e interpretazione.$0(OLS)http://pul/subject/18724 600 14$aOckham, William,$dc. 1285-c. 1349$xBiografia.$0(OLS)http://pul/subject/22333 830 0$aMaestri del pensiero e dell'educazione.$pProfili.$0(OLS)http://pul/title/35121 850 $aPUL 852 $aPUL$W1$xDP1 Fondo Giannini$y60$m1561 D 18$j71944$nBK-PRI$b $qFondi$B71944$CPULBib$Z2$F71944 $H $81 941 1 $a1 961 $aINV: Fondo Giannini 996 $6245$aOccam$9(OLS)http://pul/title/73234 996 $6260$aBrescia :$bLa Scuola$9(OLS)http://pul/publisher/48404 LEADER 01280nam a2200265 a 4500 001 000000158655 003 CaOOAMICUS 005 20170214154631.0 008 170206s1950 be m 001 u fre r 032 $aLibriCat 040 $aPUL$bita 100 1 $aChabot, André.$0(OLS)http://pul/name/101347 245 12$aL'identification de l'être et de l'acte dans la dialectique de l'éternel present de Louis Lavelle /$cAndré Chabot. 260 $aBruxelles :$bJ. Van Hulder,$c1950. 300 $axi, 26 p. ;$c26 cm. 502 $aEstratto di Tesi -- Pontificia Universitas Gregoriana. Facultas Philosophiae. 1950. 504 $aBibliografia in nota a piè pagina. 600 14$aLavelle, Louis,$d1883-1951.$0(OLS)http://pul/subject/20325 710 2 $aPontificia Università Gregoriana.$bFacoltà di filosofia.$kTesi.$0(OLS)http://pul/name/82053 850 $aPUL 852 $aPUL$W1$xDP1 Tesi Pon. Univ. Gregoriana$y40$mTH PUG 584$j181960$qTesi$B185136$CPULBib$Z2$F185136 $H15100 $82 941 1 $a16 996 $6245$aL'identification de l'être et de l'acte dans la dialectique de l'éternel present de Louis Lavelle$9(OLS)http://pul/title/198270 996 $6260$aBruxelles :$bJ. Van Hulder$9(OLS)http://pul/publisher/86044